Buffy the Vampire Slayer 'Big Bads' Quiz Stats

 Plays Quiz Updated Nov 21, 2016

Score 0/7 Timer 01:30
2 Plays Today
Season Big Bad % Correct
Season 2Spike, Drusilla, Angelus
96.6%
Season 1The Master
91.7%
Season 5Glorificus
86%
Season 3Mayor Richard Wilkins
84.8%
Season 4Adam
82.4%
Season 7The First Evil
81.8%
Season 6The Trio or Dark Willow
79.4%

You're not logged in!

Compare scores with friends on all Sporcle quizzes.
OR
Log In

Show Comments

Extras

Top Quizzes Today


Score Distribution

Your Account Isn't Verified!

In order to create a playlist on Sporcle, you need to verify the email address you used during registration. Go to your Sporcle Settings to finish the process.

Report this User

Report this user for behavior that violates our Community Guidelines.

Details: